Disney's All Wet Quiz Stats

 Plays Quiz Updated Jun 29, 2017

Also try: Disney Sidekicks
Challenge
Share
Tweet
Score 0/30 Timer 07:00
0 Plays Today
% Correct
Beauty and the Beast
98.1%
Cinderella
96.5%
Aladdin
94.6%
Dumbo
93.5%
The Jungle Book
93.4%
Moana
92.9%
Lilo & Stitch
91.6%
The Lion King
91.5%
Frozen
91%
Hercules
90.7%
The Little Mermaid
90.6%
The Fox and the Hound
90.5%
Robin Hood
90.5%
The Hunchback of Notre Dame
88.7%
Pocahontas
88.1%
% Correct
Tangled
87.4%
The Princess and the Frog
86.9%
Tarzan
85.6%
Mulan
85.4%
Big Hero 6
82.2%
The Emperor's New Groove
81.4%
Zootopia
79.3%
Peter Pan
72.9%
One Hundred and One Dalmatians
72.6%
The Rescuers
72.4%
The Aristocats
65.8%
Bambi
62.5%
Oliver & Company
60%
Alice in Wonderland
52.2%
The Sword in the Stone
50.7%

You're not logged in!

Compare scores with friends on all Sporcle quizzes.
OR
Log In

You Might Also Like...

Show Comments

Extras

Top Quizzes Today


Score Distribution

Your Account Isn't Verified!

In order to create a playlist on Sporcle, you need to verify the email address you used during registration. Go to your Sporcle Settings to finish the process.

Report this User

Report this user for behavior that violates our Community Guidelines.

Details: